Quizzes
Events
Quiz Creation
Community
Videos
Private Events
Remove Ads
Sign In
Join for FREE
Feedback
Dark Mode
Quiz Categories
Sports
Geography
Music
Movies
Television
Just For Fun
Miscellaneous
History
Literature
Language
Science
Gaming
Entertainment
Religion
Holiday
For Kids
Quiz Lab
Recent
Popular Today
Quiz Kudos Today
Editor Picks
Curator Picks
Quizzes by...
Day
Popularity
Type
Ratings
Length
Year
Community
Subscriptions
Recent Discussions
Orange Saloon
Badges
Playlists
Quests
Create
Leaderboards
Showdown
Live 5
Trivia Bingo
Activity
Puzzle Library
Sporcle Events
Private Events
Virtual Trivia
Globe League
Become a Host
Pub Owners
SporcleCon
Opinionation
Our Games
Videos
Blog
Mobile Apps
Partnerships
Remove Ads and Go Orange
Feedback
Miscellaneous
Crossword
General Knowledge
Baby Names
Logo
Food
Cars
Numbers
Grab Bag
University
College
Popular
Company
Slogans
Restaurants
Justice
Letter
Miscellaneous
Crossword
General Knowledge
Baby Names
Logo
Food
Cars
Numbers
Grab Bag
University
College
Popular
Company
Slogans
Restaurants
Justice
Letter
Random Quiz
Search Sporcle
×
Quiz Lab
Quiz Lab
Miscellaneous
Sporcle
Type in answers that appear in a list
Type in answers that appear in a list
Classic
Best Score? Go Orange.
Sporcle Users by Profile description Stats
Can you name the Sporcle Users by Profile description?
By
donuthead247
8m
16 Questions
61 Plays
61 Plays
61 Plays
Comments
Comments
Give Quiz Kudos
Give Quiz Kudos
-
- Ratings
hide this ad
Replay
Link that replays current quiz
Next Quiz
Link to next quiz in quiz playlist
You Got
0%
They Got
Avg Score
35%
Avg Friend Score
Upgrade to see
Score Distribution
Jump to the score distribution portion of the page
Score
0/16
Timer
08:00
0
Plays Today
About me
User
% Correct
Long-
time music trivia fan & internet puzzler. Owns over 1000 CDs, has 16,000 tracks on his iTunes and can't carry a tune to save his life. Loves bad puns and pushing the edges of
rockgolf
60.7%
I am a chemistry professor with a penchant for pop culture, puzzles and being pedantic.
sproutcm
55.7%
I've given entirely too much of my life to Sporcle.. so I hope you've enjoyed my games :)
Ben
52.5%
Questions/
comments on one of my games? Want help with one of your quizzes? Ideas of what games I should make Editor's Picks? Just want to tell me how awesome I am? All are welcome!
Kicking222
42.6%
This is a great site filled with wonderful, very educational games! The movie ones are the best!
MovieDynamic
37.7%
Always open to suggestions on improvements to existing quizzes or ideas for new ones. Email me at sporcle(username)@gmail.com.
Hejman
37.7%
The phrase do a barrel roll is gramically incorrect it is do a canon roll
donuthead247
37.7%
Born again Christian. Would like to seek repentance for all my past sins. Exodus 4:26
mcory
36.1%
About me
User
% Correct
Unhappy about one of your Language quizzes going by unplayed? Send me an email with a link to your quiz if you think it's editor's pick material: sporcle(username)@gmail.com
enough
34.4%
My email: (username)@aol.com If you have geography quiz-
related matters to discuss, this is where you can reach me. Or you can just say hi, whatever floats your boat.
Unidentifiedkiwi
31.1%
There are worse things in life than having fun
Flick
31.1%
Go Team Venture!
Blue Pikmin
29.5%
Drop me a line: hempheezy@hotmail.com
LTH
29.5%
I believe the origins of my existence are unknown
HenryFieldstone
26.2%
Why do you care about my personality? What, are some kind of stalker or something?.... just kidding, I love music, Boston, sports, and of course, Sporcle.
mybeaglebelle
16.4%
There is nothing about me worth knowing.
d3bates
9.8%
Quiz Playlist
Details
Report
Send in Message
Add To Playlist
Classic:
Type in answers that appear in a list
Last Updated: Feb 16, 2017
Quiz Scoreboard
CHALLENGE
Sign Up to Join the Scoreboard
Show All
Scores
Hide
Comments
May contain spoilers
Recently Published
College Basketball Coaching Resumes
by pancakes188
Sports
9m
Billboard Blitz: Fleetwood Mac
by CooCooCachoo
Music
15s
Presidents Visiting Landmarks
by Hejman
History
7m
More to Explore
Quiz From the Vault
Featured Blog Post
Where Did the Easter Bunny Come From?
hide this ad
You Might Also Like...
Tags
Sporcle Quiz
description
profile
User
Today's Top Quizzes in Miscellaneous
Browse Miscellaneous
hide this ad
Today's Top Quizzes in Sporcle
Browse Sporcle
Top Contributed Quizzes in Miscellaneous
1
5-to-1: Fast Food
2
The JOE quick-fire general knowledge quiz: Day 174
3
The JOE quick-fire general knowledge quiz: Day 173
4
5-to-1: Cocktails
5
The JOE quick-fire general knowledge quiz: Day 172
6
Sunday Crossword: Famous Bodies of Water
7
The JOE quick-fire general knowledge quiz: Day 171
8
One Thing in Common: United Kingdom II
9
Named After an Animal - Odd One Out!
10
The JOE quick-fire quiz: Day 170
Explore More
Trending Topics
Harry Potter
Kpop
Crossword
Anime
NBA
Disney
Marvel
NFL
WWE
Song
Pokémon
Soccer
The Office
Puzzle
Country
hide this ad
More By:
donuthead247
Quiz
Plays
Rating
Category
Featured
Created
Tributes of the 75th Hunger Games
32,021
4.21
Literature
Oct 27, 2010
Metroid Suits
1,296
3.86
Gaming
Jun 20, 2010
Want You Gone (Portal 2 end song)
780
1.57
Gaming
Apr 23, 2011
Star Fox Grab bag
262
4.00
Gaming
Jun 21, 2010
star fox character by quote
218
2.64
Gaming
Apr 10, 2010
Go to Creator's Profile
Score Distribution
Quiz Creator Spotlight
donuthead247
Follow
Send a Message
Quizzes Created
-
Created Quiz Play Count
-
More By This Creator
Popular Quizzes Today
1
Find the US States - No Outlines Minefield
2
Find the Countries of Europe - No Outlines Minefield
3
The Countries of the World
4
Find the US States
5
Risky Map Clicking: Biggest States A-Z
6
US States
7
Popular People in 1961
8
Movies - When Are They Set?
More Miscellaneous Quizzes
Missing Middle Names
Quiz Lab
Trending Quizzes
Risky Map Clicking: Least Populous States A-Z
1-10 Letter G Words
1-10 Letter F Words
Risky Map Clicking: Next State Alphabetically
Risky Map Clicking: Biggest States A-Z
Recently Updated
Leaping Animals
pecheneg
Reality TV Shows (A-Z)
bhenderson79
Rickey Henderson's Hall of Fame Teammates
pecheneg
Champions League XIs: Arsenal
pecheneg
Quick Pick: Celebrities in WWE's Hall of Fame
aduchscher
A-Z Keypad Blitz II
pecheneg
Multiple Oscar Actors
pecheneg
Mystery Phrase Blitz: Oscar 'Best Actors'
pecheneg
F. Scott Fitzgerald Novels
LTH
Pick 3 Villains
ddd62291
Trending Topics
Kpop
NBA
Harry Potter
Anime
Crossword
Marvel
Disney
NFL
Country
Puzzle
Song
Pokémon
WWE
The Office
Soccer
Your Account Isn't Verified!
In order to create a playlist on Sporcle, you need to verify the email address you used during registration. Go to your
Sporcle Settings
to finish the process.
Report this User
Report this user for behavior that violates our
Community Guidelines
.
Details:
Send Report
Go to the Sporcle.com Mobile Site →
Comments